| 000 | 00623nam a2200229Ia 4500 | ||
|---|---|---|---|
| 003 | OSt | ||
| 005 | 20230612154400.0 | ||
| 008 | 210423s2017 xx 000 0 und d | ||
| 020 | _a978-93-82956-96-9 | ||
| 040 | _cAL | ||
| 041 | _aeng | ||
| 082 |
_a546 _223 _bPURP |
||
| 100 |
_aPURI (B R);SHARMA (L R);KALIA (K C) _979528 |
||
| 245 | _aPrinciples of inorganic chemistry Ed 33 | ||
| 250 | _a33 | ||
| 260 |
_aDelhi _bVishal Publishing Co _c2017 |
||
| 300 |
_axiii,1170,v _bPB |
||
| 365 |
_b725 _cINR |
||
| 650 |
_aInorganic Chemistry _979529 |
||
| 906 | _a33 ; chemistry ; inorganic ; Principles | ||
| 942 |
_2ddc _cBK |
||
| 999 |
_c168860 _d168860 |
||